Normal view
MARC view
Entry Personal Name
001 - CONTROL NUMBER
- control field: 1237870
003 - CONTROL NUMBER IDENTIFIER
- control field: OSt
005 - DATE AND TIME OF LATEST TRANSACTION
- control field: 20260430150550.0
008 - FIXED-LENGTH DATA ELEMENTS
- fixed length control field: 260430|| aca||aabn | a|a d
040 ## - CATALOGING SOURCE
- Original cataloging agency: OSt
- Transcribing agency: OSt
100 ## - HEADING--PERSONAL NAME
- Personal name: Ravina Au.; P. Senthil Kumar Gu
670 ## - SOURCE DATA FOUND
- Source citation: Work cat.: (OSt)1850091: Ravina Au.; P. Senthil Kumar Gu., Temperature Dependent Dielectric Response and Luminescence Thermometry in Lanthanum Titanate Ceramics, 2024
